[Event "Offene Hessische Senioren Einzelmeisters"]
[Site "Bad Sooden- Allendorf"]
[Date "2011.05.08"]
[Round "9.93"]
[White "Dirks, Rainer"]
[Black "Krause, Werner"]
[Result "0-1"]
[WhiteElo "1610"]
[BlackElo "1695"]
[PlyCount "62"]
[EventDate "2011.??.??"]

1. e4 e5 2. Nf3 f5 3. Nc3 fxe4 4. Nxe4 Nf6 5. Qe2 Nc6 6. b3 d5 7. Nxf6+ Qxf6 8.
Bb2 Bd6 9. Qd1 O-O 10. Be2 Bg4 11. h3 Bd7 12. c4 d4 13. Rc1 e4 14. c5 exf3 15.
Bxf3 Rae8+ 16. Kf1 Be5 17. d3 Kh8 18. a3 a5 19. b4 axb4 20. Qd2 Bf4 21. Qc2
Bxc1 22. Bxc1 bxa3 23. Bxa3 Re5 24. Be4 Bf5 25. f3 Bxe4 26. dxe4 Ra8 27. Qb3
Rxe4 28. Bb2 Rae8 29. Kg1 Re1+ 30. Kh2 Qf4+ 31. g3 R8e2# 0-1

[Event "Offene Hessische Senioren Einzelmeisters"]
[Site "Bad Sooden- Allendorf"]
[Date "2011.05.08"]
[Round "9.94"]
[White "Ludwig, Egbert"]
[Black "Köhler, Marianne"]
[Result "0-1"]
[WhiteElo "1490"]
[BlackElo "1661"]
[PlyCount "106"]
[EventDate "2011.??.??"]

1. d4 g6 2. Nf3 d6 3. c4 Bg7 4. g3 h6 5. Bg2 e6 6. O-O Ne7 7. Qc2 O-O 8. Rd1 d5
9. b3 Re8 10. Nbd2 Nd7 11. e4 c6 12. cxd5 exd5 13. Re1 Nf8 14. Bb2 dxe4 15.
Nxe4 Bf5 16. Rad1 Nd5 17. Nh4 Bxe4 18. Bxe4 f5 19. Bxd5+ Qxd5 20. Qc4 Qxc4 21.
bxc4 c5 22. Nf3 Rad8 23. Ba3 Rxe1+ 24. Rxe1 cxd4 25. Bc5 b6 26. Bxd4 Bxd4 27.
Rd1 Bf6 28. Re1 Kf7 29. a4 Ne6 30. h3 Nd4 31. Kg2 Nxf3 32. Kxf3 Rd4 33. Rc1 Be7
34. Ke3 Bc5 35. Kf3 g5 36. Ke2 h5 37. f3 g4 38. h4 Kf6 39. Rc3 Bb4 40. Rd3 Rxc4
41. Rd7 gxf3+ 42. Kxf3 Rc3+ 43. Kg2 a6 44. Rd4 a5 45. Rd5 Rc2+ 46. Kh3 Rd2 47.
Rb5 Bc5 48. Rb1 Rd4 49. Ra1 Rd3 50. Ra2 Bd6 51. Rg2 Ra3 52. Rd2 Rxg3+ 53. Kh2
Rd3+ 0-1

[Event "Offene Hessische Senioren Einzelmeisters"]
[Site "Bad Sooden- Allendorf"]
[Date "2011.05.08"]
[Round "9.95"]
[White "Girod, Gudrun"]
[Black "Wernitz, Armin"]
[Result "1/2-1/2"]
[WhiteElo "1568"]
[BlackElo "1598"]
[PlyCount "51"]
[EventDate "2011.??.??"]

1. d4 d5 2. e3 c6 3. Nf3 g6 4. Be2 Bg7 5. O-O Nd7 6. c3 e5 7. dxe5 Nxe5 8. Nxe5
Bxe5 9. Nd2 Bg7 10. Nf3 f5 11. c4 Nf6 12. cxd5 Nxd5 13. a3 O-O 14. Bc4 Kh8 15.
Bxd5 cxd5 16. Nd4 a6 17. b4 Qd7 18. Bb2 Rf7 19. Rb1 b5 20. Qd2 Bb7 21. Nf3 Rc8
22. Bxg7+ Rxg7 23. Qd4 Kg8 24. Rfc1 Re7 25. Rxc8+ Bxc8 26. Rc1 1/2-1/2

[Event "Offene Hessische Senioren Einzelmeisters"]
[Site "Bad Sooden- Allendorf"]
[Date "2011.05.08"]
[Round "9.96"]
[White "Semisch, Helga"]
[Black "Gröner, Marga"]
[Result "1/2-1/2"]
[WhiteElo "1609"]
[BlackElo "1480"]
[PlyCount "28"]
[EventDate "2011.??.??"]

1. d4 d5 2. e3 e6 3. Bd3 Bd6 4. f4 h6 5. Nf3 Nd7 6. Nbd2 Ngf6 7. O-O c6 8. c4
O-O 9. Ne5 Bb4 10. Ndf3 dxc4 11. Bxc4 c5 12. a3 Ba5 13. b4 cxb4 14. axb4 Bxb4
1/2-1/2

[Event "Offene Hessische Senioren Einzelmeisters"]
[Site "Bad Sooden- Allendorf"]
[Date "2011.05.08"]
[Round "9.98"]
[White "Fister, Horst-Lothar"]
[Black "Nols, Uwe"]
[Result "1-0"]
[WhiteElo "1669"]
[BlackElo "1229"]
[PlyCount "63"]
[EventDate "2011.??.??"]

1. Nf3 d5 2. d4 c5 3. e3 c4 4. c3 Nf6 5. Nbd2 e6 6. Be2 Be7 7. O-O b5 8. Ne5
O-O 9. f4 Nbd7 10. Nc6 Qe8 11. Nxe7+ Qxe7 12. Qc2 Bb7 13. Nf3 Ne4 14. b3 b4 15.
a4 a5 16. cxb4 Qxb4 17. Ba3 Qb6 18. bxc4 Rfc8 19. Rab1 Qa7 20. c5 f6 21. Nh4 e5
22. fxe5 fxe5 23. Nf5 Rf8 24. Ne7+ Kh8 25. Rxf8+ Rxf8 26. c6 Nb6 27. cxb7 Qxb7
28. Rc1 Rf2 29. Rf1 Rxf1+ 30. Bxf1 g6 31. Qb2 exd4 32. Qxd4+ 1-0